Die Berge in der Tschechoslowakei
| Format: | Book |
|---|---|
| Language: | Undetermined |
| Published: |
B. m.
B. n.
|
MARC
| LEADER | 00000nam a2200000 a 4500 | ||
|---|---|---|---|
| 001 | vtls001326052 | ||
| 003 | SK-MaSNL | ||
| 005 | 20260223125340.0 | ||
| 008 | 980326suuuu xx 0 und | ||
| 035 | |a SNK000278820 | ||
| 040 | |a SNK |b slo |c SNK |e AACR2 | ||
| 245 | 1 | 4 | |a Die Berge in der Tschechoslowakei |
| 260 | |a B. m. |b B. n. | ||
| 999 | |c 545583 |d 547513 | ||
| 952 | |t P60, <04>, [BOOK], {604} |a SNK |b SNK |y VYP |7 0 |p 17A0131737 |o snkOSC 750 D1 |0 0 |1 0 |4 0 |d 1998-03-26 |l 0 |r 2005-01-02 00:00:00 |w 2026-02-23 | ||


